000 00874nam a2200253Ia 4500
003 OSt
005 20220923222323.0
006 a|||||r|||| 00| 0
007 ta
008 220922b |||||||| |||| 00| 0 guj d
024 _a204,468
037 _cTextual
040 _aARTS
_cARTS
_bguj
041 _2guj
_aguj
082 _aO156,3N38,AM, 152M4
100 _aचौधुरी, रघुवीर; माथुर, किरण, अनु.
_9166743
245 0 _aअमृता
246 _aAmṛutā
260 _aनई दिल्ली
_b भारतीय ज्ञानपीठ
_c1984
300 _a326पृ0
_ccm.
650 _aगुजराती साहित्य
942 _hO156,3N38,AM, 152M4
_cTEXL
_2CC
999 _c355217
_d355217